000 00542nam a2200217Ia 4500
003 0100
005 20150330144834.0
008 130303s9999 xx 000 0 und d
020 _a0791415821
040 _cARRUPELIB
050 _aBD111.H215 1993
100 _aHalper, Edward
_916779
245 _aForm and reason
245 _bessays in metaphysics
260 _aAlbany
260 _bState University of New York Press
300 _aviii
300 _b 264p. 24cm.
650 _aPHILOSOPHY
_916780
942 0 0 _01
_2lcc
_cMONOGRAPH
999 _c11705
_d11705